000 00317nam a22001457a 4500
020 _a978-81-264-2137-4
082 _a920
_bAMB/K
100 _aAMMAYAMBHALAM, UNNI
245 _aKAVIKALUDE JEEVACHARITHRAM
260 _aKOTTAYAM
_bDC BOOKS
_c2008
300 _a208
520 _aNOVEL
650 _aNOVEL
942 _cBK
999 _c5488
_d5488